Polskie Województwa - prawda czy fałsz? - Statystyki

Ogólne statystyki
  • Ten quiz został rozwiązany 87 razy
  • Średni wynik to 9 z 15
Statystyki odpowiedzi
Zagadnienie Odpowiedź % Poprawnych
Polska posiada 17 województw Fałsz
89%
3 Polskie województwa graniczą z Niemcami Prawda
83%
Małopolskie posiada największą gęstość zaludnienia Fałsz
78%
Przed reformą województw w 1999 było 49 województw Prawda
78%
Województwo Lubuskie graniczy z województwem Wielkopolskim Prawda
78%
Województw śródlądowych w Polsce posiada 4 Fałsz
72%
Dwa województwa posiadają dwie stolice Prawda
72%
Województwo Mazowieckie graniczy z Białorusią Fałsz
61%
Każde województwo posiada ponad 1 milion mieszkańców Fałsz
61%
Podkarpackie posiada najmniejszy odsetek bezrobotnych Fałsz
56%
Przed reformą w 1975 roku było 17 województw Prawda
56%
Śląskie posiada najwięcej mieszkańców Fałsz
50%
Po zakończeniu 2 wojny światowej miały miejsce 4 reformy województw Prawda
39%
Najważniejszą funkcje w województwie posiada marszałek województwa Fałsz
33%
Każde województwo posiada flagę i Herb Fałsz
0%
Nie znaleziono quizów pasujących do podanych kryteriów
Rozkład punktacji
Procent ludzi z każdym wynikiem
Percentyl według liczby udzielonych odpowiedzi
Twoja historia wyników
Nie rozwiązałeś tego quizu